载入...

Chaucer kathakal/

书目详细资料
主要作者: Chaucer, Geofry
其他作者: Nooleli, N. M.
格式: Printed Book
语言:English
出版: Trivendrum: State Institute of Children's Literature, c1994.
主题:
LEADER 00639 a2200181 4500
008 150103s9999 000 0 eng
082 |a 808.0683 
100 |a Chaucer, Geofry. 
245 |a Chaucer kathakal/ 
260 |a Trivendrum:  |b State Institute of Children's Literature,  |c c1994. 
300 |a 69 p. 
500 |a Malayalam--Translation-English 
650 |a Children's literature 
653 |a Fiction stories 
700 |a Nooleli, N. M. 
942 |c BK 
999 |c 306400  |d 306400 
952 |0 0  |1 0  |2 ddc  |4 0  |6 M_808_068300000000000_CHA_CH  |7 0  |9 351492  |a DRA  |b DRA  |c ST1  |d 2012-09-27  |i 6258  |l 0  |o M 808.0683 CHA/CH  |p DRA6258  |r 2019-01-03  |v 18.00  |w 2019-01-03  |y BK